| 000 | 00400nam a2200157Ia 4500 | ||
|---|---|---|---|
| 005 | 20240604011353.0 | ||
| 008 | 240331s9999 xx 000 0 und d | ||
| 082 |
_bCIV _a340 |
||
| 245 | 0 |
_aCivil Society in Sri Lanka : _bA symposium |
|
| 260 |
_aColombo _bInternational Centre for Ethnic Studies _c1997 |
||
| 300 | _a38 p ., | ||
| 650 | _aLaw | ||
| 650 | _aSocial | ||
| 700 |
_aICES _eedt |
||
| 942 | _cL | ||
| 999 |
_c2784 _d2784 |
||